Normal view
MARC view
- jain, Mukesh
Entry Personal Name
001 - CONTROL NUMBER
- control field: 5435
003 - CONTROL NUMBER IDENTIFIER
- control field: OSt
005 - DATE AND TIME OF LATEST TRANSACTION
- control field: 20230508142010.0
008 - FIXED-LENGTH DATA ELEMENTS
- fixed length control field: 230508|| aca||aabn | a|a d
040 ## - CATALOGING SOURCE
- Original cataloging agency: OSt
- Transcribing agency: OSt
100 ## - HEADING--PERSONAL NAME
- Personal name: jain, Mukesh
670 ## - SOURCE DATA FOUND
- Source citation: Work cat.: (OSt)17675: Sharma D.N. 75, Farm Power and Machinery Management (Principles and Practices) Volume - 1, 2021
